00720nam a22002057a 450000500170000001000150001702000260003203500140005803700090007208200110008110000220009224500690011425000060018326000460018927000660023530000220030194200220032399900190034595201500036420250929164202.0 aENG-146893 a9789355018571c850.00 aEN-130425 bDBAD 21a660 aDara, S S 985278 a A Textbook of Engineering Chemistry/cS S Dara [and] S S Umare a1 aUttar PradeshbS. Chand Publishing c2025 aD-92, Sector-2, Noida bUttar Pradeshe201301k61-120-4682700 a984p. c24cm(pb)  2ddccENh660mDAR c213514d213514 001040708NFICaLbLd2025-09-29eDelivery of Books Act Divisiong850.00l0o660 DARpEN-130425r2025-09-29 00:00:00t1v850.00w2025-09-29yEN